| 000 | 00830nam a2200157 a 4500 | ||
|---|---|---|---|
| 008 | 180911s2017 ||||||||||||||||| || u | ||
| 050 | _aGOV.ZAM(058)BA/2017 | ||
| 245 | 0 | 0 |
_a2018 Budget Address: "accelerating fiscal fitness for sustained inclusive growth, without leaving anyone behind" _cby Government of the Republic of Zambia, Ministry of Finance |
| 260 |
_aLusaka _bGovernment of the Republic of Zambia, Ministry of Finance (MoF) _c2017 |
||
| 300 | _a38 pages : illustrations | ||
| 500 | _aPresented by Hon. Felix C. Mutati, MP | ||
| 650 | _aBUDGET--ZAMBIA | ||
| 650 | _aFINANCE, PUBLIC--ZAMBIA | ||
| 650 | _aBUDGET--ZAMBIA--PERIDICALS | ||
| 995 |
_FCBU-MAIN LIBRARY (Kitwe) _M1 _UAVAILABLE _WSep 11, 2018 _XGovernment the Republic of Zambia Documents _ZUniversity Collection |
||
| 999 |
_c33121 _d33121 |
||